000 00484nam a22001577a 4500
003 BD-ChCU
005 20251211101658.0
008 251211b bg ||||| |||| 00| 0 ben d
040 _cBD-ChCU
082 _a323.3 B621h
245 _aHuman Rights, Gender and Environment /
_cTapan Biswal
260 _aNew Delhi:
_bViva Books,
_cc2008
300 _a508p.
650 0 _aGender studies — Social conditions Environment — Social and political aspects
_918017
942 _2ddc
_cBK
_n0
999 _c110379
_d110379